|
|
|
|
| LEADER |
00783cam a2200253 a 4500 |
| 001 |
0000076122 |
| 005 |
20101201090000.0 |
| 040 |
|
|
|a mod
|
| 041 |
|
|
|a eng
|
| 020 |
0 |
0 |
|a 1840372257
|
| 090 |
0 |
0 |
|a 940.54
|b BAR
|e 2000
|
| 100 |
1 |
0 |
|a Hadley
|h Dunstan
|
| 245 |
1 |
0 |
|a Barracuda pilot
|c Dunstan Hadley
|
| 260 |
0 |
0 |
|a Shrewsbury
|b Airlife Publishing Ltd.
|c 2000
|
| 300 |
0 |
0 |
|a 198 p.
|b ill.
|c 22 cm
|
| 440 |
0 |
0 |
|a An Airlife classic
|
| 500 |
0 |
0 |
|a Includes index
|
| 610 |
0 |
0 |
|a Great Britain. Royal Navy. Fleet Air Arm
|x History
|
| 610 |
0 |
0 |
|a Great Britain. Royal Navy
|x Biography.
|
| 650 |
0 |
0 |
|a Airmen
|x Great Britain
|x Biography
|
| 650 |
0 |
0 |
|a Hadley, Dunstan
|
| 650 |
0 |
0 |
|a World War, 1939-1945
|x Aerial operations, British.
|
| 852 |
0 |
0 |
|a 01
|
| 999 |
|
|
|a 0239563
|b 3 DIV
|d BOOKS
|e Umum
|f 3 DIV
|j AVAILABLE
|q GOOD CONDITION
|